00282nam a22001337a 4500003000400000020001800004082001600022100002200038245003100060250001300091260001900104300000800123650001700131SGT a9789131270929 a615.7bP25S aShanbhag, Tara V. aPharmacology for Dentistry a5th Ed.  bElsevierc2025 a372 aPharmacology